Los naufragos del Queen Enriqueta (Record no. 44722)

MARC details
000 -Etiqueta do registo
Valores 00485nam a2200193 4500
100 ## - Dados gerais de processamento
Dados gerais 20250904 pory50
101 ## - Língua de publicação
Língua esp
102 ## - País de publicação
País ESP
200 ## - Titulo e menção de responsabilidade
Título próprio Los naufragos del Queen Enriqueta
Primeira menção de responsabilidade Oscar Pin
205 ## - Menção da edição
Edição 1.ª ed.
210 ## - Publicação
Local de publicação Madrid
Nome do editor Taurus ediciones
Data de publicação [1955]
215 ## - Descrição física 
Paginação / Volumes 201 p.
225 ## - Colecção 
Título próprio da colecção El Club de la sonrisa
Indicação de volume 4
314 ## - Responsabilidade Intelectual
Texto da nota Pseudónimo de Fernando Perdiguero
675 ## - CDU
Notação 821.134.2-31
801 ## - Fonte de origem
País PT
Regras de catalogação RPC
990 ## - Elementos KOHA
Tipo de documento Livro
Holdings
Aquisição Empréstimo Código de barras Cota Permissão de empréstimo Tipo de documento Nota relativa ao exemplar
Biblioteca Municipal de Redondo Biblioteca Municipal de Redondo 054718 821.134.2-3 PIN   Livro depósito. Obra em Espanhol.

Powered by Koha